header

Advances in multi-photon processes and spectroscopy (Record no. 143389)

MARC details
000 -LEADER
fixed length control field 01466nam a2200373 a 4500
245 00 - TITLE STATEMENT
Title Advances in multi-photon processes and spectroscopy
260 ## - PUBLICATION, DISTRIBUTION, ETC. (IMPRINT)
Place of publication Singapore :
Name of publisher World Scientific,
Year of publication 2011.
300 ## - PHYSICAL DESCRIPTION
Number of Pages xi, 246 p. :
Other physical details ill.
490 0# - SERIES STATEMENT
Series statement Advances in multi-photon processes and spectroscopy ;
650 #0 - SUBJECT ADDED ENTRY--TOPICAL TERM
Topical Term Multiphoton processes.
Topical Term Spectrum analysis.
Topical Term Laser spectroscopy.
Topical Term Molecular spectra.
700 1# - ADDED ENTRY--PERSONAL NAME
Personal name Lin, S. H.
Personal name Villaeys, A. A.
Personal name Fujimura, Y.
856 40 - ELECTRONIC LOCATION AND ACCESS
Uniform Resource Identifier http://site.ebrary.com/lib/rucke/Doc?id=10524575

No items available.

© 2026 Rongo University
Contact us: librarian | system librarian | Rongo university